Standardisation and pre-assembly : clients guide and toolkit (Record no. 100790)

MARC details
000 -LEADER
fixed length control field 00664cam a2200229 4500
008 - FIXED-LENGTH DATA ELEMENTS--GENERAL INFORMATION
fixed length control field 000000n2000 000 0 eng u
020 ## - INTERNATIONAL STANDARD BOOK NUMBER
International Standard Book Number 0860175448
035 ## - SYSTEM CONTROL NUMBER
System control number (Sirsi) u108436
050 ## - LIBRARY OF CONGRESS CALL NUMBER
Classification number 693.97
100 ## - MAIN ENTRY--PERSONAL NAME
Personal name Gibb, A.
245 ## - TITLE STATEMENT
Title Standardisation and pre-assembly : clients guide and toolkit
260 ## - PUBLICATION, DISTRIBUTION, ETC.
Place of publication, distribution, etc. London
Name of publisher, distributor, etc. CIRIA
Date of publication, distribution, etc. 2000
300 ## - PHYSICAL DESCRIPTION
Extent 1 toolkit (2 booklets) ; 30cm.
490 ## - SERIES STATEMENT
Series statement CIRIA Publication
Volume/sequential designation C544
520 ## - SUMMARY, ETC.
Summary, etc. Includes a disk which is not available for loan
650 ## - SUBJECT ADDED ENTRY--TOPICAL TERM
Topical term or geographic name entry element PRE-ASSEMBLY
650 ## - SUBJECT ADDED ENTRY--TOPICAL TERM
Topical term or geographic name entry element VALUE FOR MONEY
650 ## - SUBJECT ADDED ENTRY--TOPICAL TERM
Topical term or geographic name entry element STANDARDISATION
650 ## - SUBJECT ADDED ENTRY--TOPICAL TERM
Topical term or geographic name entry element CONSTRUCTION PROJECTS
690 ## - LOCAL SUBJECT ADDED ENTRY--TOPICAL TERM (OCLC, RLIN)
Topical term or geographic name as entry element BUILT ENVIRONMENT
942 ## - ADDED ENTRY ELEMENTS (KOHA)
Suppress in OPAC 0
Holdings
Withdrawn status Lost status Source of classification or shelving scheme Damaged status Not for loan Home library Current library Shelving location Date acquired Total Checkouts Full call number Barcode Date last seen Date last checked out Copy number Price effective from Koha item type
    Dewey Decimal Classification     London London Folio 26/09/2000 6 F693.97 GIB 30062246 06/08/2019 20/02/2006 1 06/08/2019 Book